| 000 | 00433nam a2200169Ia 4500 | ||
|---|---|---|---|
| 008 | 151213s9999 xx 000 0 und d | ||
| 020 | _a978-81-85986-07-4 | ||
| 082 |
_a823.3 _b823.3 |
||
| 100 | _aR.K.Narayan | ||
| 245 |
_aThe Guide _cR.K.Narayan |
||
| 260 |
_aChennai _bIndian Thought publication |
||
| 300 | _a10737 p. | ||
| 650 | _aEnglish Literature | ||
| 650 | _aEnglish Literature | ||
| 700 | _aR.K.Narayan | ||
| 999 |
_c4890 _d4890 |
||